书目信息 |
| 题名: |
中国通史
|
|
| 作者: | 苏连营 主编 | |
| 分册: | 2 | |
| 出版信息: | 沈阳 辽海出版社 2010.05 |
|
| 页数: | 225-462页 | |
| 开本: | 25cm | |
| 丛书名: | 文化百科丛书 | |
| 单 册: | ||
| 中图分类: | K20 | |
| 科图分类: | ||
| 主题词: | 中国历史--zhong guo li shi | |
| 电子资源: | ||
| ISBN: | 978-7-5451-0221-5 | |
| 000 | 00691nam 2200241 450 | |
| 001 | CAL 012009145278 | |
| 005 | 20111228162838.92 | |
| 010 | @a978-7-5451-0221-5@dCNY29.50 | |
| 100 | @a20090713d2010 ekmy0chiy50 ea | |
| 101 | 0 | @achi |
| 102 | @aCN@b210000 | |
| 105 | @aa z 000yy | |
| 200 | 1 | @a中国通史@Azhong guo tong shi@h2@f主编苏连营 |
| 205 | @a第2版 | |
| 210 | @a沈阳@c辽海出版社@d2010.05 | |
| 215 | @a225-462页@c图@d25cm | |
| 225 | 2 | @a文化百科丛书@Awen hua bai ke cong shu |
| 410 | 0 | @12001 @a文化百科丛书 |
| 606 | 0 | @a中国历史@Azhong guo li shi |
| 690 | @aK20@v4 | |
| 701 | 0 | @a苏连营@Asu lian ying@4主编 |
| 801 | 0 | @aCN@bSJT@c20111228 |
| 905 | @aZUCC@dK20@eS810=2:2@f3 | |
| 中国通史.2/主编苏连营.-第2版.-沈阳:辽海出版社,2010.05 |
| 225-462页:图;25cm.-(文化百科丛书) |
| ISBN 978-7-5451-0221-5:CNY29.50 |
| ● |
| 相关链接 |
|
|
|
正题名:中国通史
索取号:K20/S810=2:2
 
预约/预借
| 序号 | 登录号 | 条形码 | 馆藏地/架位号 | 状态 | 备注 |
| 1 | 1185212 | 211852128 | 社科库309/309社科库 105排5列2层/ [索取号:K20/S810=2:2] | 在馆 | |
| 2 | 1185213 | 211852137 | 自科二线404/309社科库 34排5列1层/ [索取号:K20/S810=2:2] | 在馆 | |
| 3 | 1185214 | 211852146 | 社科库309/309社科库 105排5列2层/ [索取号:K20/S810=2:2] | 在馆 |